Исследования в области отопления, теплоснабжения, вентиляции и кондиционирования воздуха: межвузовский тематический сборник научных трудов

Bibliografiske detaljer
Institution som forfatter: Ленинградский инженерно-строительный институт
Andre forfattere: Гусев В. М. (редактор)
Sprog:russisk
Udgivet: Ленинград, Изд-во ЛИСИ, 1980
Fag:
Format: MixedMaterials Bog
KOHA link:https://koha.lib.tpu.ru/cgi-bin/koha/opac-detail.pl?biblionumber=364644

MARC

LEADER 00000nam0a2200000 4500
001 364644
005 20231102011717.0
035 |a (RuTPU)RU\TPU\retro\22002 
090 |a 364644 
100 |a 20211123d1980 k y0rusy50 ca 
101 0 |a rus 
102 |a RU 
105 |a a z 001zy 
200 1 |a Исследования в области отопления, теплоснабжения, вентиляции и кондиционирования воздуха  |e межвузовский тематический сборник научных трудов  |f Ленинградский инженерно-строительный институт ; под ред. В. М. Гусева 
210 |a Ленинград  |c Изд-во ЛИСИ  |d 1980 
215 |a 145 с.  |c ил. 
320 |a Библиогр. в конце ст. 
606 1 |a Санитарно-технические работы  |2 stltpush  |3 (RuTPU)RU\TPU\subj\53797  |9 71962 
610 1 |a отопление 
610 1 |a теплоснабжение 
610 1 |a вентиляция 
610 1 |a кондиционирование 
610 1 |a исследование 
675 |a 696/697  |v 4 
702 1 |a Гусев  |b В. М.  |4 340 
712 0 2 |a Ленинградский инженерно-строительный институт  |c (1941-1992)  |2 stltpush  |3 (RuTPU)RU\TPU\col\7808  |9 24389 
801 1 |a RU  |b 63413507  |c 20211123 
942 |c BK